Código Sanitario. Títulos de artículos, concordancias e índice de materias.
I tiakina i:
| Kaituhi rangatōpū: | |
|---|---|
| Ētahi atu kaituhi: | |
| Hōputu: | Pukapuka |
| Reo: | Pāniora |
| I whakaputaina: |
Santiago, Chile:
Legal Publishing; Thomson Reuters,
2015
|
| Putanga: | Decimoquinta Edición. |
| Rangatū: | Colección de Códigos 2015
|
| Ngā marau: | |
| Ngā Tūtohu: |
Tāpirihia he Tūtohu
Kāore He Tūtohu, Me noho koe te mea tuatahi ki te tūtohu i tēnei pūkete!
|
MARC
| LEADER | 00000cam a2200000 a 4500 | ||
|---|---|---|---|
| 001 | UCE8764 | ||
| 003 | CL-VaPUC | ||
| 005 | 20250108113725.0 | ||
| 008 | 150827e20150000cl |||||||||||||||||spa|d | ||
| 999 | |c 360538 |d 360536 | ||
| 020 | |a 9789563466355 | ||
| 040 | |c Pontificia Universidad Católica de Valparaíso | ||
| 082 | 0 | 4 | |a 344.8304 CHI 2015 |2 21 |
| 110 | 1 | |a Chile |9 890760 | |
| 245 | 1 | 0 | |a Código Sanitario. |b Títulos de artículos, concordancias e índice de materias. |
| 250 | |a Decimoquinta Edición. |b Actualizada al 5 de enero de 2015. | ||
| 260 | |a Santiago, Chile: |b Legal Publishing; |b Thomson Reuters, |c 2015 | ||
| 300 | |a 383 páginas | ||
| 490 | 0 | |a Colección de Códigos 2015 | |
| 505 | |a -Título Preliminar. -Libro Primero. De la Protección y Promoción de la Salud. -Libro Segundo. De la Profilaxis Sanitaria Internacional. -Libro Tercero. De la Higiene y Seguridad del Ambiente y de los Lugares de Trabajo. -Libro Cuarto. De los Productos Farmacéuticos, Alimentos de Uso Médico, Cosméticos y Productos Alimenticios y Artículos de Uso Médico. -Libro Quinto. Del Ejercicio de la Medicina y Profesiones Afines. -Libro Sexto. De los Establecimientos del Área de la Salud. -Libro Séptimo. De la Observación y Reclusión de los Enfermos Mentales, de los Alcohólicos y de los que presenten Estado de dependencia de otras drogas y substancia. -Libro Octavo. De las Inhumaciones, Exhumaciones y Traslado de Cadáveres. -Libro Noveno. Del Aprovechamiento de Tejidos o Partes del Cuerpo de un Donante Vivo y de la Utilización de Cadáveres o Parte de Ellos con Fines Científicos o Terapéuticos. -Libro Décimo. De los procedimientos y Sanciones. Apéndice: -Ley N.º 19.451. Establece normas sobre trasplante y donación de órganos. (D.O. de 10 de abril de 1996) -Decreto N.º 35. Aprueba reglamento de la Ley N.º 19.481, que establece normas sobre trasplante y donación de órganos. (D.O. de 21 de octubre de 2013) -Resolución N.º 601 exenta. Aprueba requisitos que deben cumplir los establecimientos asistenciales que efectúen extracción y trasplantes de órganos. (D.O. de 19 de abril de 1999) -Decreto N.º 357. Reglamento general de cementerios. (D.O. de 18 de junio de 1970) -Decreto N.º 161. Reglamento de hospitales y clínicas privadas. (D.O. de 19 de noviembre de 1982) -Decreto N.º 825. Aprueba reglamento de control de productos y elementos de uso médico. (D.O. de 21 de agosto de 1999) -Decreto N.º 3. Aprueba reglamento de protección radiológica de instalaciones radiactivas. (D.O. de 25 de abril de 1985) -Decreto N.º 133. Reglamento sobre autorizaciones para instalaciones radiactivas o equipos generadores de radiaciones ionizantes, personal que se desempeña en ellas, u opere tales equipos y otras actividades afines. (D.O. de 13 de agosto de 1984) -Decreto N.º 466. Aprueba reglamento de farmacias, droguerías, almacenes farmacéuticos, botiquines y depósitos autorizados. (D.O. de 12 de marzo de 1985) -Decreto N.º 405. Reglamento de productos psicotrópicos. (D.O. de 20 de febrero de 1984) -Decreto N.º 404. Reglamento de estupefacientes. (D.O. de 20 de febrero de 1984) -Decreto con Fuerza de Ley N.º 1. Determina materias que requieren autorización sanitaria expresa. (D.O. de 21 de febrero de 1990) -Decreto con Fuerza de Ley N.º 1. Fija texto refundido, coordinado y sistematizado del Decreto Ley N.º 2.763, de 1979 y de las Leyes N.º 18.933 y N.º 18.469. (D.O. de 24 de abril de 2006) -Ley N.º 20.584. Regula los derechos y deberes que tienen las personas en relación con acciones vinculadas a su atención en salud. (D.O. de 24 de abril de 2012) -Ley N.º 20.585. Sobre otorgamiento y uso de licencias médicas. (D.O. de 11 de mayo de 2012) -Ley N.º 20.606. Sobre composición nutricional de los alimentos y su publicidad. (D.O. de 6 de julio de 2012) | ||
| 583 | |a last modification |c 20160712 11:03:19 |k Rodrigo Vera | ||
| 650 | 0 | |a Código sanitario |9 387494 | |
| 650 | 0 | |a Legislación sanitaria |9 345887 | |
| 650 | 0 | |a Salud pública |9 258913 | |
| 650 | 0 | |a Servicios sanitarios |9 359723 | |
| 650 | 0 | |a Derecho sanitario |x Jurisprudencia |9 894991 | |
| 700 | |a Krause Muñoz, María Soledad |e directora |9 861335 | ||
| 942 | |c BK |2 ddc | ||
| 945 | |d 20150827 16:13:00 |a gsalatino | ||
| 952 | |0 0 |1 0 |3 erb |4 0 |6 344_830400000000000_CHI_2015 |7 0 |8 R |9 470389 |a BIBDER |b BIBDER |i 5195640 |o 344.8304 CHI 2015 |p 5195640 |r 2023-01-25 |w 2019-11-23 |y BK_R |z Catalogado en:20150827 |k DER | ||